[Event "C16Blitz"]
[Site "?"]
[Date "2021.08.26"]
[Round "13.9"]
[White "Oleksy, Krzysztof"]
[Black "Paprocki, Antoni"]
[Result "1-0"]
[BlackElo "1845"]
[WhiteElo "1621"]
[LiveChessVersion "1.4.4"]

1. d4 {[%clk 0:03:03]} Nf6 {[%clk 0:03:04]} 2. c4 {[%clk 0:03:04]} g6
{[%clk 0:03:05]} 3. Nc3 {[%clk 0:03:05]} Bg7 {[%clk 0:03:06]} 4. e4
{[%clk 0:03:05]} d6 {[%clk 0:03:08]} 5. Nge2 {[%clk 0:03:06]} O-O
{[%clk 0:03:07]} 6. Ng3 {[%clk 0:03:06]} e5 {[%clk 0:03:07]} 7. d5
{[%clk 0:03:07]} a5 {[%clk 0:03:02]} 8. Be2 {[%clk 0:03:05]} Na6 {[%clk 0:03:04]}
9. h4 {[%clk 0:03:05]} h5 {[%clk 0:02:54]} 10. Bg5 {[%clk 0:03:05]} Nc5
{[%clk 0:02:48]} 11. Bxh5 {[%clk 0:03:05]} gxh5 {[%clk 0:01:42]} 12. Nxh5
{[%clk 0:03:05]} Ncd7 {[%clk 0:00:30]} 13. Qf3 {[%clk 0:03:05]} c6
{[%clk 0:00:26]} 14. Rh3 {[%clk 0:02:35]} Kh8 {[%clk 0:00:08]} 15. O-O-O
{[%clk 0:01:50]} Qe7 {[%clk 0:00:10]} 16. Nxg7 {[%clk 0:01:21]} Kxg7
{[%clk 0:00:10]} 17. h5 {[%clk 0:01:21]} Rh8 {[%clk 0:00:04]} 18. h6+
{[%clk 0:01:01]} Kf8 {[%clk 0:00:05]} 19. g4 {[%clk 0:00:52]} Ra6
{[%clk 0:00:04]} 20. Rg1 {[%clk 0:00:36]} Rb6 {[%clk 0:00:05]} 21. h7
{[%clk 0:00:32]} Rb4 {[%clk 0:00:04]} 22. Bh6+ {[%clk 0:00:27]} Ke8
{[%clk 0:00:04]} 23. Bg7 {[%clk 0:00:18]} Rxh7 {[%clk 0:00:05]} 24. Rxh7
{[%clk 0:00:20]} Nxh7 {[%clk 0:00:06]} 25. Qe3 {[%clk 0:00:13]} Qg5
{[%clk 0:00:06]} 26. Qxg5 {[%clk 0:00:12]} Nxg5 {[%clk 0:00:07]} 27. b3
{[%clk 0:00:11]} Ke7 {[%clk 0:00:05]} 28. Rh1 {[%clk 0:00:11]} Nf6
{[%clk 0:00:04]} 29. Bh6 {[%clk 0:00:07]} Ngxe4 {[%clk 0:00:04]} 30. Nxe4
{[%clk 0:00:06]} Nxe4 {[%clk 0:00:05]} 31. f3 {[%clk 0:00:04]} Nf6
{[%clk 0:00:04]} 32. Bg5 {[%clk 0:00:06]} cxd5 {[%clk 0:00:04]} 33. cxd5
{[%clk 0:00:04]} Rd4 {[%clk 0:00:04]} 34. Rh6 {[%clk 0:00:05]} Rxd5
{[%clk 0:00:06]} 35. Bxf6+ {[%clk 0:00:05]} Kd7 {[%clk 0:00:06]} 36. Rh7
{[%clk 0:00:06]} Ke6 {[%clk 0:00:06]} 37. Rh6 {[%clk 0:00:07]} Kd7
{[%clk 0:00:04]} 38. Rh7 {[%clk 0:00:08]} Rc5+ 39. Kb2 {[%clk 0:00:09]} Ke6
{[%clk 0:00:03]} 40. Rh6 {[%clk 0:00:09]} Kd7 {[%clk 0:00:03]} 41. g5
{[%clk 0:00:05]} Kc6 {[%clk 0:00:03]} 42. Rh8 {[%clk 0:00:06]} Be6
{[%clk 0:00:04]} 43. Rd8 {[%clk 0:00:06]} d5 {[%clk 0:00:04]} 44. Be7
{[%clk 0:00:05]} Rb5 {[%clk 0:00:04]} 45. Rd6+ {[%clk 0:00:05]} Kc7
{[%clk 0:00:05]} 46. g6 {[%clk 0:00:06]} fxg6 {[%clk 0:00:05]} 47. Rxe6
{[%clk 0:00:07]} Kd7 {[%clk 0:00:05]} 48. Rxe5 {[%clk 0:00:08]} a4
{[%clk 0:00:04]} 49. Bg5 {[%clk 0:00:06]} axb3 {[%clk 0:00:05]} 50. axb3
{[%clk 0:00:08]} Kd6 {[%clk 0:00:04]} 51. Re8 {[%clk 0:00:08]} d4
{[%clk 0:00:04]} 52. Bd2 {[%clk 0:00:07]} Kd5 {[%clk 0:00:03]} 53. Rg8
{[%clk 0:00:07]} Rb6 {[%clk 0:00:04]} 54. Rg7 {[%clk 0:00:08]} Ke5
{[%clk 0:00:04]} 55. Rd7 {[%clk 0:00:08]} Rf6 {[%clk 0:00:03]} 56. f4+
{[%clk 0:00:04]} Ke4 {[%clk 0:00:05]} 57. Kc2 {[%clk 0:00:04]} Rc6+
{[%clk 0:00:05]} 58. Kb2 {[%clk 0:00:04]} Kd3 {[%clk 0:00:06]} 59. Bb4
{[%clk 0:00:05]} Rc2+ {[%clk 0:00:07]} 60. Kb1 {[%clk 0:00:05]} Rf2
{[%clk 0:00:06]} 61. Bc5 {[%clk 0:00:05]} Rxf4 {[%clk 0:00:06]} 62. Rxb7
{[%clk 0:00:04]} Kc3 {[%clk 0:00:06]} 63. Rd7 {[%clk 0:00:03]} d3
{[%clk 0:00:06]} 64. Be3 Rf1+ {[%clk 0:00:04]} 65. Ka2 {[%clk 0:00:05]} Re1
{[%clk 0:00:04]} 66. Bg5 {[%clk 0:00:05]} Re2+ {[%clk 0:00:03]} 67. Ka3
{[%clk 0:00:06]} Re1 {[%clk 0:00:04]} 68. Rc7+ {[%clk 0:00:06]} Kd4
{[%clk 0:00:05]} 69. Rd7+ {[%clk 0:00:07]} Kc3 {[%clk 0:00:05]} 70. Rc7+
{[%clk 0:00:04]} Kd4 {[%clk 0:00:05]} 71. Rd7+ {[%clk 0:00:05]} Kc3
{[%clk 0:00:06]} 72. Bf6+ {[%clk 0:00:05]} Kc2 {[%clk 0:00:07]} 73. Rc7+
{[%clk 0:00:04]} Kd1 {[%clk 0:00:08]} 74. Bg5 {[%clk 0:00:05]} Re2
{[%clk 0:00:04]} 75. Rc1# {[%clk 0:00:03]} 1-0

[Event "C16Blitz"]
[Site "?"]
[Date "2021.08.26"]
[Round "13.10"]
[White "Poltorak, Sebastian"]
[Black "Budzisz, Adrian"]
[Result "0-1"]
[BlackElo "1938"]
[WhiteElo "1985"]
[LiveChessVersion "1.4.4"]

1. e4 {[%clk 0:03:03]} c5 {[%clk 0:03:03]} 2. Nc3 {[%clk 0:03:04]} e6
{[%clk 0:02:59]} 3. Nge2 {[%clk 0:03:03]} a6 {[%clk 0:02:58]} 4. g3
{[%clk 0:03:03]} b5 {[%clk 0:02:45]} 5. Bg2 {[%clk 0:03:05]} Bb7 {[%clk 0:02:46]}
6. O-O {[%clk 0:03:05]} d6 {[%clk 0:02:45]} 7. d3 {[%clk 0:03:03]} Nd7
{[%clk 0:02:36]} 8. f4 {[%clk 0:03:00]} Be7 {[%clk 0:02:27]} 9. Be3
{[%clk 0:02:58]} Ngf6 {[%clk 0:02:23]} 10. e5 {[%clk 0:02:55]} Ng4
{[%clk 0:01:48]} 11. Bxb7 {[%clk 0:01:48]} Nxe3 {[%clk 0:01:49]} 12. Qc1
{[%clk 0:01:45]} Nxf1 {[%clk 0:01:48]} 13. exd6 {[%clk 0:01:44]} Bxd6
{[%clk 0:01:28]} 14. Bxa8 {[%clk 0:01:44]} Nxg3 {[%clk 0:01:25]} 15. hxg3
{[%clk 0:01:23]} Qxa8 {[%clk 0:01:25]} 16. Ne4 {[%clk 0:01:17]} Be7
{[%clk 0:01:26]} 17. a4 {[%clk 0:01:06]} b4 {[%clk 0:01:15]} 18. Qe3
{[%clk 0:01:06]} h5 19. f5 {[%clk 0:00:58]} e5 {[%clk 0:00:32]} 20. Kg2
{[%clk 0:00:51]} Nf6 {[%clk 0:00:30]} 21. Rh1 {[%clk 0:00:51]} Ng4
{[%clk 0:00:29]} 22. Qf3 {[%clk 0:00:49]} Kd7 {[%clk 0:00:25]} 23. Rxh5
{[%clk 0:00:42]} Rxh5 {[%clk 0:00:20]} 24. Nf6+ {[%clk 0:00:34]} Bxf6
{[%clk 0:00:17]} 25. Qxa8 {[%clk 0:00:35]} Ne3+ {[%clk 0:00:12]} 26. Kf3
{[%clk 0:00:34]} Nxc2 {[%clk 0:00:12]} 27. Qd5+ {[%clk 0:00:29]} Ke8
{[%clk 0:00:10]} 28. Qc6+ {[%clk 0:00:30]} Kd8 {[%clk 0:00:10]} 29. Qxa6
{[%clk 0:00:22]} Rxf5+ {[%clk 0:00:10]} 30. Ke4 {[%clk 0:00:22]} Rf2
{[%clk 0:00:10]} 31. Nc1 {[%clk 0:00:11]} Nd4 {[%clk 0:00:07]} 32. Kd5
{[%clk 0:00:10]} Rc2 {[%clk 0:00:06]} 33. Qd6+ {[%clk 0:00:10]} Ke8
{[%clk 0:00:07]} 34. Nb3 {[%clk 0:00:05]} Nxb3 {[%clk 0:00:08]} 35. Kc6
{[%clk 0:00:06]} Nd4+ {[%clk 0:00:09]} 36. Kb7 {[%clk 0:00:05]} Rxb2
{[%clk 0:00:09]} 37. a5 {[%clk 0:00:07]} b3 {[%clk 0:00:10]} 38. a6
{[%clk 0:00:08]} Ra2 {[%clk 0:00:11]} 39. a7 {[%clk 0:00:06]} b2 40. Qb6
{[%clk 0:00:07]} Bd8 {[%clk 0:00:08]} 0-1